<?xml version="1.0" encoding="UTF-8"?>
<record
    xmlns:xsi="http://www.w3.org/2001/XMLSchema-instance"
    xsi:schemaLocation="http://www.loc.gov/MARC21/slim http://www.loc.gov/standards/marcxml/schema/MARC21slim.xsd"
    xmlns="http://www.loc.gov/MARC21/slim">

  <leader>01168nam a22003017a 4500</leader>
  <controlfield tag="005">20240530110510.0</controlfield>
  <controlfield tag="008">151031s2010    ua a   g      000 0 ara d</controlfield>
  <datafield tag="017" ind1=" " ind2=" ">
    <subfield code="a">2010/43837</subfield>
    <subfield code="b">&#x645;&#x635;&#x631; . &#x62F;&#x627;&#x631; &#x627;&#x644;&#x643;&#x62A;&#x628; &#x627;&#x644;&#x645;&#x635;&#x631;&#x64A;&#x629; </subfield>
  </datafield>
  <datafield tag="040" ind1=" " ind2=" ">
    <subfield code="a">EG-CaGPL</subfield>
  </datafield>
  <datafield tag="082" ind1="0" ind2="4">
    <subfield code="2">21</subfield>
    <subfield code="a">923.1\</subfield>
    <subfield code="b">&#x62D; &#x633;</subfield>
  </datafield>
  <datafield tag="100" ind1="0" ind2=" ">
    <subfield code="a">&#x62D;&#x645;&#x62F;&#x649; &#x627;&#x644;&#x643;&#x646;&#x64A;&#x633;&#x649; .</subfield>
  </datafield>
  <datafield tag="245" ind1="1" ind2="2">
    <subfield code="a">&#x627;&#x644;&#x633;&#x644;&#x637;&#x629; &#x648; &#x637;&#x648;&#x644; &#x627;&#x644;&#x639;&#x645;&#x631;/</subfield>
    <subfield code="c">&#x62D;&#x645;&#x62F;&#x649; &#x627;&#x644;&#x643;&#x646;&#x64A;&#x633;&#x649; .</subfield>
  </datafield>
  <datafield tag="250" ind1=" " ind2=" ">
    <subfield code="a">&#x637;1.</subfield>
  </datafield>
  <datafield tag="260" ind1=" " ind2=" ">
    <subfield code="a">&#x627;&#x644;&#x642;&#x627;&#x647;&#x631;&#x629; : </subfield>
    <subfield code="b">&#x645;&#x643;&#x62A;&#x628;&#x629; &#x62C;&#x632;&#x64A;&#x631;&#x629; &#x627;&#x644;&#x648;&#x631;&#x62F; &#x60C;</subfield>
    <subfield code="c">2010 .</subfield>
  </datafield>
  <datafield tag="300" ind1=" " ind2=" ">
    <subfield code="a">230 &#x635; &#x61B;</subfield>
    <subfield code="c">24 &#x633;&#x645; .</subfield>
  </datafield>
  <datafield tag="600" ind1="0" ind2="4">
    <subfield code="a">&#x62D;&#x633;&#x646;&#x649; &#x645;&#x628;&#x627;&#x631;&#x643; .</subfield>
  </datafield>
  <datafield tag="600" ind1="0" ind2="4">
    <subfield code="a">&#x639;&#x644;&#x649; &#x639;&#x628;&#x62F;&#x627;&#x644;&#x644;&#x647; &#x635;&#x627;&#x644;&#x62D; </subfield>
    <subfield code="t">&#x631;&#x626;&#x64A;&#x633; &#x627;&#x644;&#x64A;&#x645;&#x646; .</subfield>
  </datafield>
  <datafield tag="600" ind1="0" ind2="4">
    <subfield code="a">&#x645;&#x639;&#x645;&#x631; &#x627;&#x644;&#x642;&#x630;&#x627;&#x641;&#x649; .</subfield>
  </datafield>
  <datafield tag="600" ind1="0" ind2="4">
    <subfield code="a">&#x639;&#x628;&#x62F;&#x627;&#x644;&#x644;&#x647; &#x628;&#x646; &#x639;&#x628;&#x62F;&#x627;&#x644;&#x639;&#x632;&#x64A;&#x632;</subfield>
    <subfield code="t">&#x645;&#x644;&#x643; &#x627;&#x644;&#x633;&#x639;&#x648;&#x62F;&#x64A;&#x629; .</subfield>
  </datafield>
  <datafield tag="650" ind1="0" ind2="4">
    <subfield code="a">&#x631;&#x624;&#x633;&#x627;&#x621; &#x627;&#x644;&#x62F;&#x648;&#x644; .</subfield>
  </datafield>
  <datafield tag="650" ind1="0" ind2="4">
    <subfield code="a">&#x627;&#x644;&#x633;&#x644;&#x637;&#x629; &#x627;&#x644;&#x62A;&#x646;&#x641;&#x64A;&#x630;&#x64A;&#x629; .</subfield>
  </datafield>
  <datafield tag="651" ind1="0" ind2="4">
    <subfield code="a">&#x645;&#x635;&#x631; </subfield>
    <subfield code="x">&#x631;&#x624;&#x633;&#x627;&#x621; &#x627;&#x644;&#x62C;&#x645;&#x647;&#x648;&#x631;&#x64A;&#x647; .</subfield>
  </datafield>
  <datafield tag="651" ind1="0" ind2="4">
    <subfield code="a">&#x627;&#x644;&#x64A;&#x645;&#x646; </subfield>
    <subfield code="x">&#x631;&#x624;&#x633;&#x627;&#x621; &#x627;&#x644;&#x62C;&#x645;&#x647;&#x648;&#x631;&#x64A;&#x629; .</subfield>
  </datafield>
  <datafield tag="651" ind1="0" ind2="4">
    <subfield code="a">&#x644;&#x64A;&#x628;&#x64A;&#x627;</subfield>
    <subfield code="x">&#x631;&#x624;&#x633;&#x627;&#x621; &#x627;&#x644;&#x62C;&#x645;&#x647;&#x648;&#x631;&#x64A;&#x629; .</subfield>
  </datafield>
  <datafield tag="651" ind1="0" ind2="4">
    <subfield code="a">&#x627;&#x644;&#x633;&#x639;&#x648;&#x62F;&#x64A;&#x629;</subfield>
    <subfield code="x">&#x627;&#x644;&#x645;&#x644;&#x648;&#x643; &#x648; &#x627;&#x644;&#x62D;&#x643;&#x627;&#x645; .</subfield>
  </datafield>
  <datafield tag="942" ind1=" " ind2=" ">
    <subfield code="2">ddc</subfield>
    <subfield code="c">BK</subfield>
  </datafield>
  <datafield tag="999" ind1=" " ind2=" ">
    <subfield code="c">61665</subfield>
    <subfield code="d">61665</subfield>
  </datafield>
  <datafield tag="952" ind1=" " ind2=" ">
    <subfield code="0">0</subfield>
    <subfield code="1">0</subfield>
    <subfield code="4">0</subfield>
    <subfield code="7">0</subfield>
    <subfield code="a">CAI</subfield>
    <subfield code="b">CAI</subfield>
    <subfield code="d">2015-10-31</subfield>
    <subfield code="l">0</subfield>
    <subfield code="o">923.1\ &#x62D; &#x633;</subfield>
    <subfield code="p">161012</subfield>
    <subfield code="r">2015-10-31 00:00:00</subfield>
    <subfield code="w">2015-10-31</subfield>
    <subfield code="y">BK</subfield>
  </datafield>
</record>
